000 00635nam a2200229Ia 4500
003 OSt
005 20220926021006.0
006 a|||||r|||| 00| 0
007 ta
008 220923b |||||||| |||| 00| 0 eng d
037 _cGeneral Book
040 _aRTL
_cRTL
_beng
041 _2eng
_aeng
082 _aEb4.731.N77<N76r, L7
110 _aSOCIAL SCIENCE RESEARCH COUNCIL
245 0 _aAnnual report,1976-77.
260 _aNew York
_bSSRC
_c1977
300 _axv,175p.
_ccm.
700 _aSOCIAL SCIENCE RESEARCH COUNCIL
942 _hEb4.731.N77<N76r, L7
_cGB
_2CC
999 _c635402
_d635402